000 00887nas a2200301 4500
001 BR2014005508
003 BR-BrBNA
005 20231205124446.0
007 ta
008 230509b bl.|||p| |||| 00| 00por d
040 _aBR-BrBNA
_bpor
_cBiblioteca Nacional de Agricultura
041 _a(Pt)
072 _aP33; Q70; F06
100 1 _aMélo, R.F. de
100 1 _aFerreira, P.A.
100 1 _aRuiz, H.A.
100 1 _aMatos, A.T. de
100 1 _aOliveira, L.B. de
100 1 _a
245 1 _aAlterações físicas e químicas em três solos tratados com água residuária de mandioca
650 _aFERTIRRIGAÇÃO
650 _aÁGUAS RESIDUAIS
650 _aMANIPUEIRA
650 _aRECICLAGEM
773 0 _tIrriga (Brazil)
_xISSN 1808-3765
_g(Nov-Dec 2005), V. 10(4) p. 383-392
_wBR2014005508
909 _a202311
_bLúcia
_c55
_dLúcia Elande
942 _2AGRIS
_n0
_cANA
999 _c239202
_d239202